Les fondateurs de religions /

محفوظ في:

المؤلف الرئيسي: Potter, Charles Francis, 1885-1962 (مؤلف)

التنسيق: كتاب

اللغة: French

منشور في: Paris : Payot, 1930.

الموضوعات:

الوسوم: إضافة وسم

لا توجد وسوم, كن أول من يضع وسما على هذه التسجيلة!

رقم الطلب: BL72 .P6 1930

LEADER 00801nam a22002291 4500
001 1411
003 OSt
005 20250901133331.0
008 130303s1930 fr 000 0 fre d
035 |a tmp00550617 
040 |c ARCE Library 
049 |a EARC 
050 4 |a BL72 .P6 1930 
100 1 |a Potter, Charles Francis,  |d 1885-1962,  |e author 
245 1 4 |a Les fondateurs de religions /  |c Charles-Francis Potter ; édition Française du Commandant G. Lepage. 
264 1 |a Paris :  |b Payot,  |c 1930. 
300 |a 425 pages ;  |c 19 cm. 
505 0 |a Akhounaton -- Moise -- Zoroastre -- Jérémie -- Le Bouddha -- Confucius -- Jésus -- Saint Paul -- Saint Augustin -- Mahomet -- Saint Thomas D'Aquin -- Nanak -- Luther -- Nicone. 
650 0 |a Religions. 
901 |a reviewed 
942 |c BK  |2 lcc 
999 |c 1771  |d 1771